Statistiques concernant Effectif du PSG 2019-2023

Cliquez ici pour prendre le quiz!

Statistiques générales

  • Ce quiz a été pris 187 fois
  • Le résultat moyen est 73 sur 139

Statistiques - réponses

NationalitéPosteJoueur% Correct
Costa Rica
Gardien
| Gardien
Keylor Navas
89%
FranceAttaquantKylian Mbappé
87%
BrésilAttaquantNeymar
80%
ArgentineAttaquantLionel Messi
75%
EspagneGardienSergio Rico
74%
MarocDéfenseurAchraf Hakimi
70%
ItalieGardienGianluigi Donnarumma
70%
BrésilDéfenseurMarquinhos
70%
FranceDéfenseurPresnel Kimpembe
68%
FranceAttaquantOusmane Dembélé
66%
ItalieMilieuxMarco Verratti
64%
FranceDéfenseurLucas Hernandez
60%
EspagneEntraineurLuis Enrique
60%
FranceGardienAlexandre Letellier
59%
EspagneMilieuxCarlos Soler
59%
PortugalDéfenseurNuno Mendes
59%
FranceAttaquantRandal Kolo Muani
59%
PortugalMilieuxDanilo Pereira
58%
EspagneDéfenseur
Sergio Ramos
58%
EspagneMilieuxFabian Ruiz
58%
PortugalAttaquantGonçalo Ramos
58%
UruguayMilieuxManuel Ugarte
58%
SlovaquieDéfenseurMilan Skriniar
58%
EspagneDéfenseurSergio Ramos
58%
PortugalMilieuxVitinha
58%
FranceMilieuxWarren Zaïre-Emery
58%
Corée du SudMilieuxLee Kang-in
56%
FranceEntraineurChristophe Galtier
55%
UruguayAttaquantEdinson Cavani
55%
ArgentineAttaquantAngel Di Maria
54%
EspagneGardienArnau Tenas
54%
EspagneAttaquantMarco Asensio
54%
AllemagneEntraineurThomas Tuchel
54%
FranceAttaquantBradley Barcola
53%
SénégalMilieuxIdrissa Gueye
53%
FranceDéfenseurNordi Mukiele
51%
BrésilDéfenseurThiago Silva
51%
EspagneDéfenseurJuan Bernat
50%
FranceAttaquantHugo Ekitike
49%
FranceDéfenseurLayvin Kurzawa
49%
AllemagneAttaquantJulian Draxler
48%
ItalieMilieuxCher Ndour
47%
ArgentineEntraineurMauricio Pochettino
47%
ArgentineMilieuxLeandro Paredes
44%
ArgentineAttaquantMauro Icardi
44%
AllemagneDéfenseurThilo Kehrer
44%
SénégalDéfenseurAbdou Diallo
42%
ItalieAttaquantMoise Kean
39%
BelgiqueDéfenseurThomas Meunier
39%
Pays-BasMilieuxXavi Simons
39%
PortugalMilieuxRenato Sanches
37%
Pays-BasMilieuxGeorginio Wijnaldum
32%
PologneGardienMarcin Bulka
32%
EspagneAttaquantPablo Sarabia
30%
EspagneMilieuxAnder Herrera
27%
EspagneMilieux
Ander Herrera
27%
Pays-BasDéfenseurMitchel Bakker
27%
FranceDéfenseurColin Dagba
24%
BrésilMilieuxRafinha
24%
ItalieDéfenseurAlessandro Florenzi
23%
FranceDéfenseurEl Chadaille Bitshiabu
23%
CamerounAttaquantEric Maxime Choupo-Moting
21%
EspagneMilieuxIsmaël Gharbi
16%
FranceDéfenseurTimothée Pembélé
15%
FranceMilieuxEdouard Michut
13%
FranceDéfenseurTanguy Kouassi
12%
CamerounMilieuxEric Junior Dina-Ebimbe
7%
FranceMilieuxAdil Aouchiche
6%
ItalieGardienDenis Franchi
6%
FranceDéfenseurLoïc Mbe Soh
6%
FranceGardienGarissone Innocent
5%

Distribution des résultats

Percentile par nombre de réponses

% des personnes avec chaque résultat

Votre développement - résultats

Vous n’avez pas pris ce quiz